| 000 | 01131nam a22003377a 4500 | ||
|---|---|---|---|
| 001 | BR7375683 | ||
| 003 | BR-BrBNA | ||
| 005 | 20230928084434.0 | ||
| 007 | ta | ||
| 008 | 230509b bl.||||| |||| 00| 0 por d | ||
| 040 |
_aBR-BrBNA _bpor _cBiblioteca Nacional de Agricultura |
||
| 041 | _a(Por) | ||
| 072 |
_aF00; E10 _b/G514 |
||
| 090 | _ F00 BR7375683 | ||
| 100 | 1 | _aMello, M.D.H. de | |
| 100 | 1 | _aPaiva, M.D. e | |
| 100 | 1 | _aMiller, R. | |
| 110 | 1 | _aSecretaria da Agricultura, Sao Paulo, SP (Brasil). Div. de Experimentacao e Pesquisas; | |
| 110 | 1 | _aInstituto Agronomico, Campinas, SP (Brasil) | |
| 245 | 1 | _aEstudo sobre a agricultura dos sitiantes [Propriedade rural; Campinas; Brasil; Producao; Consumo; Despesa fixa; Cultura; Credito] | |
| 260 | 3 |
_aSao Paulo, SP (Brasil): _c[nd]. |
|
| 300 | _a44 p. | ||
| 500 | _aPublished after 1941. (*) Documento disponível na(o) Instituto de Economia Agricola, Sao Paulo, SP (Brazil) | ||
| 650 | _aPROPRIEDADE RURAL | ||
| 650 | _aCUSTO | ||
| 650 | _aCREDITO | ||
| 650 | _aCAMPINAS | ||
| 650 | _aSAO PAULO | ||
| 909 |
_a202309 _bLucia _c55 _dLucia Elande |
||
| 942 | _cBK | ||
| 999 |
_c18966 _d18966 |
||